O`Brien v Secker (VO) (Record no. 1418)

MARC details
000 -LEADER
fixed length control field 01212cab a2200229 4500
001 - CONTROL NUMBER
control field ABS53140
008 - FIXED-LENGTH DATA ELEMENTS--GENERAL INFORMATION
fixed length control field 090401t1995 xxu||||| |||| 00| 0 eng d
035 ## - SYSTEM CONTROL NUMBER
System control number (Sirsi) u2349
041 ## - LANGUAGE CODE
Language code of text/sound track or separate title eng
245 ## - TITLE STATEMENT
Title O`Brien v Secker (VO)
260 ## - PUBLICATION, DISTRIBUTION, ETC.
Date of publication, distribution, etc. 1995
350 ## - PRICE (NR) (BK AM CF MU VM SE) [OBSOLETE]
Price 0
490 ## - SERIES STATEMENT
Series statement Rating Appeals
Volume/sequential designation (1995) 2 RA, 13-21(5)
520 ## - SUMMARY, ETC.
Summary, etc. LT 6 January 1995. An appeal from a decision of the Kent Valuation Tribunal confirming the entry in the rating list of advertising right, Poster Sites, Wincheap, Canterbury at £1,000 rv. The ratepayer contended that the advertising right was not rateable; that land was defined to include a sign, hoarding or other structure erected or to be erected on land. The hoarding which he had erected constituted land and it was this land which he had a right under the agreement to use for the purpose of exhibiting advertisements and in respect of which he was the occupier. Held, appeal dismissed because the right granted to the ratepayer was a rateable hereditament.
650 ## - SUBJECT ADDED ENTRY--TOPICAL TERM
Topical term or geographic name entry element ADVERTISING HOARDINGS
650 ## - SUBJECT ADDED ENTRY--TOPICAL TERM
Topical term or geographic name entry element ADVERTISING RIGHTS
650 ## - SUBJECT ADDED ENTRY--TOPICAL TERM
Topical term or geographic name entry element RATEABILITY
650 ## - SUBJECT ADDED ENTRY--TOPICAL TERM
Topical term or geographic name entry element RATING APPEALS
690 ## - LOCAL SUBJECT ADDED ENTRY--TOPICAL TERM (OCLC, RLIN)
Topical term or geographic name as entry element RATING AND VALUATION-CASE LAW
942 ## - ADDED ENTRY ELEMENTS (KOHA)
Suppress in OPAC 0
948 ## - LOCAL PROCESSING INFORMATION (OCLC); SERIES PART DESIGNATOR (RLIN)
c (OCLC) 04/03/1997
Holdings
Withdrawn status Lost status Source of classification or shelving scheme Damaged status Not for loan Home library Current library Shelving location Date acquired Total Checkouts Full call number Barcode Date last seen Copy number Price effective from Koha item type
    Dewey Decimal Classification     London London Journal article 14/09/1999   ABS53140 2349-1001 06/08/2019 1 06/08/2019 Law report